| 000 | 00503nam a2200181Ia 4500 | ||
|---|---|---|---|
| 003 | LDD | ||
| 008 | 190117s9999 xx 000 0 und d | ||
| 020 | _c₹40 | ||
| 040 | _cLDD | ||
| 041 | _ahi | ||
| 082 | _a8H3.7 य 6925 म-10 | ||
| 100 | _aयशपाल | ||
| 245 | 0 |
_aमनुष्य के रूप _b उपन्यास _cयशपाल |
|
| 250 | _a10 सं. | ||
| 260 |
_aइलाहाबाद _bलोकभारती _c1984 |
||
| 300 | _a351प्र. | ||
| 942 |
_2ddc _cH |
||
| 999 |
_c167574 _d167574 |
||